Основные особенности котельных агрегатов высокого и сверхкритического давления

Библиографические подробности
Главный автор: Кроль Л. Б. Лазарь Борисович
Язык:русский
Опубликовано: Москва, Госэнергоиздат, 1962
Предметы:
Формат: Книга
Запись в KOHA:https://koha.lib.tpu.ru/cgi-bin/koha/opac-detail.pl?biblionumber=50801

MARC

LEADER 00000nam0a2200000 4500
001 50801
005 20231031033620.0
035 |a (RuTPU)RU\TPU\book\53184 
035 |a RU\TPU\book\53176 
090 |a 50801 
100 |a 20030418d1962 km y0rusy50 ca 
101 0 |a rus 
102 |a RU 
105 |a a z 001zy 
200 1 |a Основные особенности котельных агрегатов высокого и сверхкритического давления  |f Л. Б. Кроль 
210 |a Москва  |a Ленинград  |c Госэнергоиздат  |d 1962 
215 |a 240 с.  |c ил. 
320 |a Библиогр.: с. 238-240. 
610 1 |a котельные агрегаты 
610 1 |a пароперегреватели 
610 1 |a компановка 
610 1 |a регулирование 
610 1 |a хвостовые поверхности 
610 1 |a топливо 
610 1 |a высокое давление 
610 1 |a сверхкритическое давление 
610 1 |a блочные установки 
675 |a 621.181  |v 3 
700 1 |a Кроль  |b Л. Б.  |g Лазарь Борисович 
801 1 |a RU  |b 63413507  |c 20030418  |g PSBO 
801 2 |a RU  |b 63413507  |c 20140717  |g PSBO 
942 |c BK